000 00325nam a22001457a 4500
008 210312b ||||| |||| 00| 0 eng d
020 _a0880290307
041 _aeng
080 _a316
082 _a316
100 _a50
101 _aSOC
245 _aThe Gentle Art of Verbal Self-Defense
_cElgin, S. H
942 _2udc
_cBK
999 _c56559
_d56559